01519nam a2200373Ia 4500001001200000003000800012006001900020007001500039008004100054010001700095020002600112020002000138020002900158020002300187040002100210035002100231050002500252082002000277100005500297245012500352260005800477300003500535504005100570533015200621650003400773650003500807650003100842650004100873651004200914655002900956710001700985856012601002999001701128ebr10602338CaPaEBRm u cr cn|||||||||111208s2012 mnua sb 001 0 eng d z 2011050384 z0816676194 (hardback) z0816676208 (pb) z9780816676194 (hardback) z9780816676200 (pb) aCaPaEBRcCaPaEBR a(OCoLC)81547659414aNA6750.A2bU6 2012eb04a725/.9109732231 aSimpson, Pamela H.q(Pamela Hemenway),d1946-2011.10aCorn palaces and butter queensh[electronic resource] :ba history of crop art and dairy sculpture /cPamela H. Simpson. aMinneapolis :bUniversity of Minnesota Press,cc2012. axx, 248 p. :bill. (some col.) aIncludes bibliographical references and index. aElectronic reproduction.bPalo Alto, Calif. :cebrary,d2011.nAvailable via World Wide Web.nAccess may be limited to ebrary affiliated libraries. 0aArt and societyzMiddle West. 0aButter sculpturezMiddle West. 0aCorn palaceszMiddle West. 0aPlants as art materialzMiddle West. 0aMiddle WestxSocial life and customs. 7aElectronic books.2local2 aebrary, Inc.40uhttp://site.ebrary.com/lib/rucke/Doc?id=10602338zAn electronic book accessible through the World Wide Web; click to view c98298d98298